MARC

LEADER 00000nam0a2200000 4500
001 370262
005 20231102012249.0
035 |a (RuTPU)RU\TPU\retro\27670 
090 |a 370262 
100 |a 20220622d1978 km y0rusy50 ca 
101 0 |a rus 
102 |a UZ 
105 |a a z 101zy 
200 1 |a Геохимия и минералогия висмута (Чаткало-Кураминские горы)  |f Э. А. Дунин-Барковская  |g Академия наук Узбекской ССР, Институт геологии и геофизики им. Х. М. Абдуллаева 
210 |a Ташкент  |c Фан  |d 1978 
215 |a 272 с.  |c ил. 
320 |a Библиогр.: с. 259-271 
606 1 |a Висмут  |x Содержание в рудах  |x Распределение  |2 stltpush  |3 (RuTPU)RU\TPU\subj\2561  |9 31117 
606 1 |a Висмутин-галенит, группа минералов  |2 stltpush  |3 (RuTPU)RU\TPU\subj\2563  |9 31119 
610 1 |a минералогия 
610 1 |a месторождения 
610 1 |a магматизм 
610 1 |a рудообразование 
610 1 |a кристаллохимия 
610 1 |a эндогенное оруденение 
610 1 |a гидротермальные процессы 
675 |a 550.423  |v 4 
675 |a 549.3  |v 4 
700 1 |a Дунин-Барковская  |b Э. А.  |g Элеонора Ашотовна 
712 0 2 |a Академия наук Узбекской ССР  |b Институт геологии и геофизики им. Х. М. Абдуллаева  |c (Ташкент)  |2 stltpush  |3 (RuTPU)RU\TPU\col\14202  |9 25885 
801 1 |a RU  |b 63413507  |c 20220622 
801 2 |a RU  |b 63413507  |c 20220623  |g RCR 
942 |c BK